| 000 | 00530nam a2200169 4500 | ||
|---|---|---|---|
| 999 |
_c12586 _d12586 |
||
| 008 | 240226b ||||| |||| 00| 0 eng d | ||
| 040 | _aBMS College of Architecture | ||
| 100 | _aPrakruti M | ||
| 245 | _aCoffee Museum Story Of The Brew – Coffee Museum | ||
| 300 | _a50p. | ||
| 500 | _a1CF19AT068 | ||
| 502 |
_8B,Arch _NBMS College of Architecture, Visvesvaraya Technological University (VTU) _aProject report _d2023 |
||
| 650 | _aMuseum | ||
| 700 |
_a Anand H M _eGuide |
||
| 710 | _a Rema Vaidyanathan | ||
| 942 |
_2ddc _cTHE |
||